000
00273nam a22001097a 4500
008
170117b xxu||||| |||| 00| 0 eng d
020
_a
9780781769235
041
_a
eng
080
_2
3RD
_a
618.2
245
_a
PHOTO ATLAS OF MEDICATION ADMINISTRATION
_c
LYNN, P
942
_2
udc
_c
BK
999
_c
2987
_d
2987